Función de los precios en el desarrollo

Uloženo v:
Podrobná bibliografie
Hlavní autor: Gouvea de Bulhoes, Octavio (Autor)
Médium: Kniha
Jazyk:španělština
Vydáno: Ciudad de México CEMLA 1961
Edice:Conferencias
Témata:
Tagy: Přidat tag
Žádné tagy, Buďte první, kdo vytvoří štítek k tomuto záznamu!

MARC

LEADER 00000nam a2200000 a 4500
001 UCT8574
003 CL-VaPUC
008 970326e19610000MX |||||||||||||||||spa|d
082 0 4 |a 338.52  |b GOU  |2 21 
100 0 |a Gouvea de Bulhoes, Octavio  |e author  |9 380361 
245 1 0 |a Función de los precios en el desarrollo 
300 |a 91 p 
942 |c BK 
945 |d 19970326 00:00:00  |a paguirre 
260 |a Ciudad de México  |b CEMLA  |c 1961 
650 0 |a Producción   |9 263680 
650 0 |a Precios   |9 260787 
650 0 |a Política de precios  |9 259481 
650 0 |a Valor económico   |9 352307 
650 0 |a Mercados  |9 338624 
650 0 |a Consumo  |9 333893 
650 0 |a Comercio  |9 255341 
583 |a last modification  |c 19970326 00:00:00  |k Rodrigo Vera 
490 0 |a Conferencias 
999 |c 257063  |d 257061 
952 |0 0  |1 0  |4 0  |6 338_520000000000000_GOU_1961  |7 0  |8 A  |9 280299  |a BIBDER  |b BIBDER  |d 2019-11-19  |i 1813218  |o 338.52 GOU 1961  |p 1813218  |r 2023-01-25  |w 2019-11-19  |y BK  |k DER